Negotiting for Dummies (Record no. 1082353)

MARC details
000 -LEADER
fixed length control field 00330nam a2200121Ia 4500
008 - FIXED-LENGTH DATA ELEMENTS--GENERAL INFORMATION
fixed length control field 231228s1996 xx 000 0 und d
041 ## - LANGUAGE CODE
Language code of text/sound track or separate title eng
082 ## - DEWEY DECIMAL CLASSIFICATION NUMBER
Item number DON
100 ## - MAIN ENTRY--PERSONAL NAME
Personal name DONALDSON (Michael) and DONALDSON (mimi)
245 ## - TITLE STATEMENT
Title Negotiting for Dummies
260 ## - PUBLICATION, DISTRIBUTION, ETC.
Place of publication, distribution, etc. New Delhi
Name of publisher, distributor, etc. Moscow Progress Pub. B
Date of publication, distribution, etc. 1996
300 ## - PHYSICAL DESCRIPTION
Extent xxiv, 350

No items available.